| 000 | 00511cam a22002052a 4500 | ||
|---|---|---|---|
| 001 | 025076 | ||
| 003 | AR-FADEU | ||
| 008 | 311216n1972####xxu####################dd | ||
| 020 | _a84-206-1433-5 | ||
| 092 |
_a338 _bR934s _eJLS |
||
| 100 | _aRuiz García, Enrique | ||
| 245 | _aSubdesarrollo y liberación | ||
| 260 | _aMadrid | ||
| 260 | _bAlianza | ||
| 260 | _c1972 | ||
| 300 | _a365 p | ||
| 440 |
_aEl libro de bolsillo, humanidades _n433 |
||
| 650 | _aDESARROLLO; SUBDESARROLLO/JLS/ | ||
| 942 | _cJLS | ||
| 999 |
_c30762 _d30762 |
||